| 000 | 00337nam a22001217a 4500 | ||
|---|---|---|---|
| 020 | _a8177224859 | ||
| 082 |
_222 _a005.446921 |
||
| 100 | _aJang, Michael. | ||
| 245 | _aRHCE(Red hat certificate engineer linux) / | ||
| 260 |
_aNew Delhi, _bJohn and Wiley and Sons, _cc2006. |
||
| 300 |
_axxxvi, 755 p. ; _bill. ; _c23 cm. |
||
| 942 |
_2ddc _cIT _01 |
||
| 999 |
_c523 _d523 |
||